Oxford handbook of obstetrics and gynaecology. (Record no. 31848)
[ view plain ]
| 000 -LEADER | |
|---|---|
| fixed length control field | 01057cam a2200277 i 4500 |
| 001 - CONTROL NUMBER | |
| control field | 17968549 |
| 005 - DATE AND TIME OF LATEST TRANSACTION | |
| control field | 20230912135910.0 |
| 008 - FIXED-LENGTH DATA ELEMENTS--GENERAL INFORMATION | |
| fixed length control field | 131211s2013 enka b 001 0 eng |
| 010 ## - LIBRARY OF CONGRESS CONTROL NUMBER | |
| LC control number | 2013444249 |
| 020 ## - INTERNATIONAL STANDARD BOOK NUMBER | |
| International Standard Book Number | 9780199698400 (pbk.) |
| 040 ## - CATALOGING SOURCE | |
| Original cataloging agency | DLC |
| Language of cataloging | eng |
| Transcribing agency | DLC |
| Description conventions | rda |
| Modifying agency | DLC |
| 042 ## - AUTHENTICATION CODE | |
| Authentication code | pcc |
| 050 00 - LIBRARY OF CONGRESS CALL NUMBER | |
| Classification number | RG 524 .O94 2013 |
| 245 00 - TITLE STATEMENT | |
| Title | Oxford handbook of obstetrics and gynaecology. |
| 246 30 - VARYING FORM OF TITLE | |
| Title proper/short title | Handbook of obstetrics and gynaecology |
| 250 ## - EDITION STATEMENT | |
| Edition statement | Third edition / |
| Remainder of edition statement | edited by Sally Collins, specialist registrar in obstetrics and gynecology, the John Radcliffe Hospital, Oxford, UK [and four others]. |
| 260 ## - PUBLICATION, DISTRIBUTION, ETC. (IMPRINT) | |
| Place of publication, distribution, etc. | Oxford: |
| Name of publisher, distributor, etc. | Oxford University Press, |
| Date of publication, distribution, etc. | 2013 |
| 300 ## - PHYSICAL DESCRIPTION | |
| Extent | xxiv, 824 pages : |
| Other physical details | illustrations (some color) ; |
| Dimensions | 19 cm. |
| 490 0# - SERIES STATEMENT | |
| Series statement | Oxford medical publications |
| 500 ## - GENERAL NOTE | |
| General note | Previous edition: 2008. |
| 504 ## - BIBLIOGRAPHY, ETC. NOTE | |
| Bibliography, etc | Includes bibliographical references and index. |
| 650 #0 - SUBJECT ADDED ENTRY--TOPICAL TERM | |
| Topical term or geographic name as entry element | Gynecology. |
| 650 #0 - SUBJECT ADDED ENTRY--TOPICAL TERM | |
| Topical term or geographic name as entry element | Obstetrics. |
| 700 1# - ADDED ENTRY--PERSONAL NAME | |
| Personal name | Collins, Sally |
| Titles and other words associated with a name | (Obstetrics specialist) |
| 942 ## - ADDED ENTRY ELEMENTS (KOHA) | |
| Source of classification or shelving scheme | |
| Koha item type | Reference Material |
| Classification part | RG 524 .O94 2013 |
| Withdrawn status | Lost status | Source of classification or shelving scheme | Damaged status | Not for loan | Home library | Current library | Shelving location | Date acquired | Source of acquisition | Cost, normal purchase price | Total Checkouts | Full call number | Barcode | Date last seen | Price effective from | Koha item type |
|---|---|---|---|---|---|---|---|---|---|---|---|---|---|---|---|---|
| MACHAKOS UNIVERSITY LIBRARY | MACHAKOS UNIVERSITY LIBRARY | Open shelf | 31/07/2023 | Donation - Damaris Kimanzi | 4326.00 | RG 524 .O94 2013 | 39656 | 12/09/2023 | 12/09/2023 | Reference Material |